Actas del V Simposium Nacional de Antropología, Arqueología y Etnohistoria de Panamá
Uloženo v:
| Médium: | Neznámo |
|---|---|
| Vydáno: |
Panamá
1978
|
| Edice: | Colección Patrimonio Histórico
|
| Témata: | |
| Tagy: |
Přidat tag
Žádné tagy, Buďte první, kdo vytvoří štítek k tomuto záznamu!
|
MARC
| LEADER | 000000000a22000000004500 | ||
|---|---|---|---|
| 001 | 002186 | ||
| 041 | 0 | |a español | |
| 092 | 0 | |a 572.063 S612ac | |
| 245 | 1 | 0 | |a Actas del V Simposium Nacional de Antropología, Arqueología y Etnohistoria de Panamá |
| 260 | |a Panamá |c 1978 | ||
| 300 | |a 488 páginas, 2 hojas plegables |b ilustraciones | ||
| 440 | |a Colección Patrimonio Histórico | ||
| 500 | |a Número de inscripción 01640 | ||
| 650 | 4 | |a ANTROPOLOGIA | |
| 650 | 4 | |a ETNOLOGIA | |
| 650 | 4 | |a ARQUEOLOGIA PANAMEÑA | |
| 650 | 4 | |a PANAMA | |
| 999 | |c 3053 |d 3053 | ||
